| 000 | 00625nam a22002177a 4500 | ||
|---|---|---|---|
| 005 | 20250904152648.0 | ||
| 008 | 250904b |||||||| |||| 00| 0 eng d | ||
| 037 | _cTB | ||
| 040 |
_aCRL _cCRL |
||
| 041 |
_2SIN _aSIN |
||
| 084 |
_aO1593:g R2 _bCRL |
||
| 100 |
_aGoklani, Kamla _9820097 |
||
| 245 | _aSindhyat ja ranga | ||
| 260 |
_aAjmer, India: _bSatya Kishan publications, _c2022. |
||
| 300 | _a95p. | ||
| 365 |
_b250.00 _cINR |
||
| 650 | _aSindhi Literature | ||
| 650 | _aCriticism | ||
| 942 |
_2CC _cTB _hO1593:g R2 _n0 |
||
| 999 |
_c1435186 _d1435186 |
||